| 000 | 00827nam a2200241 i 4500 | ||
|---|---|---|---|
| 001 | 37381 | ||
| 003 | ES-MaACL | ||
| 005 | 20250809195001.0 | ||
| 007 | t| | ||
| 008 | 030220s1970 sp ||||1| spa d | ||
| 100 | 1 |
_aButor, Michel. _932954 |
|
| 245 | 1 | 0 |
_aSobre literatura. _n3 / _cMichel Butor ; [traducción de Carlos Pujol]. |
| 260 |
_aBarcelona : _bSeix Barral, _c1970. |
||
| 300 |
_a1 v. ; _c20 cm. |
||
| 490 | 1 |
_aBiblioteca Breve. _aEnsayo ; _v294 |
|
| 505 | 1 | _a3. Repertorio, estudios y conferencias (443 p.) | |
| 650 | 4 |
_aLiteratura- _yS.XIX- _xHistoria y crítica. _9142386 |
|
| 650 | 4 |
_aLiteratura- _yS.XX- _xHistoria y crítica. _9139829 |
|
| 700 | 1 |
_aPujol, Carlos, _d1936-2012 _994332 |
|
| 830 | 1 |
_aBiblioteca breve. _aEnsayo _v294 _9181348 |
|
| 852 |
_aES-MaACL _jC-39911 |
||
| 999 |
_c37381 _d37381 |
||